Central Library OPAC University of Rajshahi

The autobiography of Margot Asquith / (Record no. 28737)

MARC details
000 -LEADER
fixed length control field 00641nam a22002172a 4500
001 - CONTROL NUMBER
control field 28737
003 - CONTROL NUMBER IDENTIFIER
rucl marc code BD-RjUL
005 - DATE AND TIME OF LATEST TRANSACTION
control field 20211209051325.0
008 - FIXED-LENGTH DATA ELEMENTS--GENERAL INFORMATION
fixed length control field 140331s1920 uk 000 0 eng d
035 ## - SYSTEM CONTROL NUMBER
System control number (BD-RjUL)28819
040 ## - CATALOGING SOURCE
Original cataloging agency KSU
Transcribing agency KSU
Modifying agency HRH
-- BD-RjUL
Language of cataloging eng
041 ## - LANGUAGE CODE
Language code of text/sound track or separate title eng
082 ## - DEWEY DECIMAL CLASSIFICATION NUMBER
Classification number 920.7
Author mark and year ASA 1920
090 ## - LOCALLY ASSIGNED LC-TYPE CALL NUMBER (OCLC); LOCAL CALL NUMBER (OCLC)
Classification number (OCLC) (R) ; Classification number, CALL (RLIN) (NR) DA566.9.O8
Local cutter number (OCLC) ; Book number/undivided call number, CALL (RLIN) A3 1920
100 1# - MAIN ENTRY--PERSONAL NAME
Personal name Asquith, Margot,
Dates associated with a name 1864-1945.
9 (RLIN) 87930
245 14 - TITLE STATEMENT
Title The autobiography of Margot Asquith /
260 ## - PUBLICATION, DISTRIBUTION, ETC. (IMPRINT)
Place of publication, distribution, etc. New York :
Name of publisher, distributor, etc. George H. Doran company,
Date of publication, distribution, etc. 1920 [Reprinted 1920[
300 ## - PHYSICAL DESCRIPTION
Pagination xiv ,302 p. :
Illustrations ill. ;
Size 23 cm
600 10 - SUBJECT ADDED ENTRY--PERSONAL NAME
Personal name Asquith, Margot,
Dates associated with a name 1864-1945
942 ## - ADDED ENTRY ELEMENTS (KOHA)
Source of classification or shelving scheme Dewey Decimal Classification
Koha item type Books
Holdings
Lost status Source of classification or shelving scheme Damaged status Not for loan Collection code Permanent Location Current Location Shelving location Date acquired Total Checkouts Full call number Date last seen Copy number Koha item type
  Dewey Decimal Classification   Added to bundle Non-fiction Central Library, University of Rajshahi Central Library, University of Rajshahi Reading Room 31/03/2014   920.7 ASA 1920 31/03/2014 C-1 Books